<?xml version="1.0" encoding="UTF-8"?>
<record
    xmlns:xsi="http://www.w3.org/2001/XMLSchema-instance"
    xsi:schemaLocation="http://www.loc.gov/MARC21/slim http://www.loc.gov/standards/marcxml/schema/MARC21slim.xsd"
    xmlns="http://www.loc.gov/MARC21/slim">

  <leader>00784nab a2200205uuc4500</leader>
  <controlfield tag="001">1347861</controlfield>
  <controlfield tag="005">20240202113717.0</controlfield>
  <controlfield tag="008">131023e20130105                    spa  </controlfield>
  <datafield tag="035" ind1=" " ind2=" ">
    <subfield code="a">1347861</subfield>
  </datafield>
  <datafield tag="040" ind1=" " ind2=" ">
    <subfield code="c">comduadb</subfield>
  </datafield>
  <datafield tag="041" ind1=" " ind2=" ">
    <subfield code="a">spa</subfield>
  </datafield>
  <datafield tag="100" ind1="1" ind2="0">
    <subfield code="a">Mendiola Mejia, Carlos</subfield>
    <subfield code="4">aut</subfield>
    <subfield code="0">(viaf)305867064</subfield>
    <subfield code="e">aut</subfield>
    <subfield code="9">342514</subfield>
  </datafield>
  <datafield tag="245" ind1="1" ind2="3">
    <subfield code="a">La identidad fracturada. Infancia de J. M. Coetzee</subfield>
  </datafield>
  <datafield tag="650" ind1=" " ind2=" ">
    <subfield code="a">Coetzee, John Maxwell 1940-  - Cr&#xED;tica e interpretaci&#xF3;n</subfield>
    <subfield code="9">157940</subfield>
  </datafield>
  <datafield tag="650" ind1=" " ind2=" ">
    <subfield code="a">Identidad (Filosof&#xED;a)</subfield>
    <subfield code="9">51778</subfield>
  </datafield>
  <datafield tag="650" ind1=" " ind2="7">
    <subfield code="a">Reconocimiento</subfield>
    <subfield code="2"></subfield>
    <subfield code="9">26526</subfield>
  </datafield>
  <datafield tag="650" ind1=" " ind2=" ">
    <subfield code="a">Coetzee, John Maxwell 1940- . Infancia</subfield>
    <subfield code="9">89548</subfield>
  </datafield>
  <datafield tag="773" ind1="0" ind2=" ">
    <subfield code="t">Revista de Filosof&#xED;a. Universidad Iberoamericana (M&#xE9;xico)</subfield>
    <subfield code="g">Volumen 45, N&#xFA;mero 134, Enero-Junio de 2013, 93-101</subfield>
    <subfield code="w">106978</subfield>
    <subfield code="x">0185-3481</subfield>
    <subfield code="0">92043</subfield>
  </datafield>
  <datafield tag="942" ind1=" " ind2=" ">
    <subfield code="c">ARIMP</subfield>
  </datafield>
  <datafield tag="999" ind1=" " ind2=" ">
    <subfield code="c">669580</subfield>
    <subfield code="d">669580</subfield>
  </datafield>
</record>
